000 00614nam a2200217Ia 4500
005 20250508150830.0
008 008 250505s9999 xx 000 0 eng d
037 _aTextual
040 _aFEDL
_beng
_cFEDL
041 _aeng
_2eng
084 _a155.284 2, BOC
_qFEDL
100 _aBochner Ruth
_9757769
245 0 _aClinical application of the rorschach test
250 _a2nd
260 _aNew York, USA
_bGrune and Stratton
_c1945
300 _axi,331p
650 _aPersonality
700 _a Halpern Florence
_9757770
942 _cTEXL
_h155.284 2, BOC
999 _c1325941
_d1325941